| 000 | 00460nam a2200157Ia 4500 | ||
|---|---|---|---|
| 008 | 210716s1993 xx 000 0 und d | ||
| 020 | _a818601117X | ||
| 041 | _aeng | ||
| 082 | _a004.68 BASS | ||
| 100 | _aBasandra, Suresh K. | ||
| 245 |
_aLocal area networks: a managerial perspective. _bManagerial perspective. |
||
| 250 | _a1 | ||
| 260 |
_aNew Delhi _bGalgotia Publications Pvt Ltd _c1993 |
||
| 300 | _axxvii,358 | ||
| 650 | _aLocal Area Networks(004.68) | ||
| 999 |
_c182840 _d182840 |
||